000 00488 a2200169 4500
005 20260424124018.0
008 260424b |||||||| |||| 00| 0 eng d
020 _a9783031672323
040 _cSDCL
041 _2eng
_aeng
084 _aX:71 R5
100 _aStefani Milovanska-Farrington
_91235668
245 _aPrinciples of Microeconomics :
_bFrom Theory to Practice and Applications
260 _aSwitzerland :
_bSpringer,
_c2025.
300 _axxix, 408p.
942 _cTEXL
_2CC
999 _c1715226
_d1715226